Statistics for Taylor Swift - Dear Reader Lyrics

Click here to take the quiz!

General Stats

  • This quiz has been taken 56 times
  • The average score is 226 of 266

Answer Stats

Answer% Correct
a
100%
Dear
100%
I
100%
in
100%
reader
100%
the
100%
(You
100%
you
100%
You
100%
and
97%
And
97%
from
97%
it
97%
So
97%
so
97%
when
97%
who
97%
your
97%
You're
97%
you're
97%
all
93%
don't
93%
if
93%
If
93%
like
93%
of
93%
one
93%
take
93%
already
90%
did
90%
feels
90%
Just
90%
just
90%
my
90%
My
90%
Never
90%
No
90%
out
90%
someone
90%
That
90%
they
90%
trap
90%
was
90%
advice
87%
apart
87%
'cause
87%
drink
87%
falling
87%
man
87%
right
87%
somewhere
87%
these
87%
These
87%
To
87%
to
87%
Where
87%
where
87%
who's
87%
answer
83%
asked
83%
at
83%
can
83%
for
83%
fourth
83%
get
83%
hand
83%
have
83%
knew
83%
nights
83%
not
83%
Pick
83%
run
83%
aim
80%
cursed
80%
is
80%
recognize
80%
there
80%
through
80%
word
80%
wouldn't
80%
yourself
80%
darling
77%
devil
77%
free
77%
house
77%
lives
77%
Make
77%
means
77%
past
77%
playing
77%
please
77%
prayers
77%
should
77%
sure
77%
talking
77%
walking
77%
alone
73%
burn
73%
But
73%
care
73%
friends
73%
home
73%
lose
73%
map
73%
miss
73%
nobody's
73%
sees
73%
wander
73%
bend
70%
Find
70%
find
70%
hiding
70%
luxuries
70%
plain
70%
prefer
70%
secrets
70%
sight
70%
solitaire
70%
another
67%
another)
67%
Desert
67%
desperate
67%
files
67%
found
67%
greatest
67%
pace
67%
Snap
67%
Spilling
67%
bright
63%
light
60%
light)
60%
shine
60%
guiding
57%
(Guiding
57%
pen
57%

Score Distribution

Percentile by Number Answered

Percent of People with Each Score

Your Score History

You have not taken this quiz